000 01169nam a22004217a 4500
001 BR2011003892
003 BR-BrBNA
005 20230928103730.0
007 ta
008 230509b bl.||||| |||| 00| 0 por d
040 _aBR-BrBNA
_bpor
_cBiblioteca Nacional de Agricultura
041 _a(Por)
072 _aH10
_b3877
090 _ 3877 BR2011003892
100 1 _aLima, E.
100 1 _aFerreira, H.
100 1 _aLanger Junior, L.
100 1 _aCiomei, L.O.
100 1 _aAltmann, T.
110 1 _aSyngenta Proteção de Cultivos Ltda, São Paulo, SP (Brasil)
_910280
245 1 _aBenefícios do uso do benzoato de emamectin na cultura do milho
260 3 _aSão Paulo, SP (Brasil):
_c2008.
300 _a40 P.
500 _a5 ref.; 16 illus.; 5 graphs.; 2 tables
650 _aINSETICIDA
650 _aPRODUÇÃO VEGETAL
650 _aLAGARTA MILITAR
650 _aMILHO
650 _aDEMANDA
650 _aPESTICIDA
650 _aSPODOPTERA FRUGIPERDA
650 _aPRODUTIVIDADE
650 _aCONTROLE INTEGRADO
650 _aBENZOATO DE EMAMECTIN
650 _a2
909 _a202309
_bLucia
_c55
_dLucia Elande
942 _cBK
999 _c76370
_d76370